| Tag |
First Indicator |
Second Indicator |
Subfields |
| LEADER |
00000cam a2200000 a 4500 |
| 001 |
in00000098020 |
| 005 |
20150924085456.0 |
| 008 |
820331s1981 dcu b 00010 eng |
| 010 |
|
|
|a 81070469
|
| 020 |
|
|
|a 0815751591 (pbk.)
|
| 035 |
|
|
|a (OCoLC)08387038
|
| 035 |
|
|
|9 AAK9383AM
|
| 039 |
0 |
|
|a 2
|b 3
|c 3
|d 3
|e 3
|
| 040 |
|
|
|a DLC
|c DLC
|d TXA
|d UtOrBLW
|
| 043 |
|
|
|a n-us---
|
| 049 |
|
|
|a TXAM
|c [1562165]
|
| 050 |
0 |
0 |
|a KF3812 Z9
|b L39
|
| 082 |
0 |
|
|a 344.73/046342
|a 347.30446342
|2 19
|
| 100 |
1 |
|
|a Lave, Lester B.
|
| 245 |
1 |
0 |
|a Clearing the air :
|b reforming the Clean Air Act : a staff paper /
|c by Lester B. Lave and Gilbert S. Omenn.
|
| 264 |
|
1 |
|a Washington, D.C. :
|b Brookings Institution,
|c [1981]
|
| 264 |
|
4 |
|c ©1981
|
| 300 |
|
|
|a ix, 51 pages ;
|c 23 cm.
|
| 336 |
|
|
|a text
|b txt
|2 rdacontent
|
| 337 |
|
|
|a unmediated
|b n
|2 rdamedia
|
| 338 |
|
|
|a volume
|b nc
|2 rdacarrier
|
| 490 |
1 |
|
|a Studies in the regulation of economic activity
|
| 504 |
|
|
|a Includes bibliographical references.
|
| 650 |
|
0 |
|a Air
|x Pollution
|x Law and legislation
|z United States.
|
| 700 |
1 |
|
|a Omenn, Gilbert S.
|
| 830 |
|
0 |
|a Studies in the regulation of economic activity.
|
| 999 |
|
|
|a MARS
|
| 999 |
f |
f |
|s e000c141-493f-378e-8f35-0b76419b62b2
|i 3329e3f7-ad4c-3dfa-bf92-eb5e664218f4
|t 0
|
| 952 |
f |
f |
|p ric
|a Texas A&M University
|b Rellis Campus
|c Joint Library Facility
|d Remote Storage
|t 0
|e KF3812.Z9 L39
|h Library of Congress classification
|i unmediated -- volume
|m A14806021873
|
| 998 |
f |
f |
|a KF3812.Z9 L39
|t 0
|l Remote Storage
|